000 005290000a22001690004500
003 MACL
005 20160609130540.0
008 160609b xxu||||| |||| 00| 0 eng d
040 _aMACL
_cMACL
041 _aHindi
082 _a294
100 _aसिंह, जगदेव
_963403
245 _aकोसलपुरी श्रावस्‍ती
_cजगदेव सिंह
260 _bज्ञान भारती
_c1998
_aनई दिल्‍ली
650 _aReligion
_963404
942 _cHIN
_k294
_2ddc
999 _c30381
_d30381